Digimon Adventure - Estadísticas

Estadísticas generales
  • Esta prueba ha sido intentada 60 veces
  • La puntuación promedio es 7 de 8
Estadísticas de respuestas
Hint Respuesta % Correcto
Tai Agumon
96%
Kari Gatomon
94%
TK Patamon
89%
Mimi Palmon
87%
Matt Gabumon
85%
Izzy Tentomon
79%
Joe Gomamon
77%
Sora Piyomon
77%
No se encontraron pruebas coincidentes
Distribución de puntuación
Porcentaje de gente con cada puntuación
Porcentaje por número respondido
Historial de tus puntuaciones
No has intentado esta prueba.